| 000 | 01941cam a2200277 i 4500 | ||
|---|---|---|---|
| 001 | 16188 | ||
| 003 | DO-SdUEMH | ||
| 005 | 20260122162530.0 | ||
| 007 | ta | ||
| 008 | 211105s2008 dr b|||gr|||| 000 0 spa|d | ||
| 040 |
_aDO-SdUEMH _bspa _erda |
||
| 041 | _aspa | ||
| 082 | 1 | 4 |
_mRD _aRD324.65 R426E _bR246e |
| 084 | _b09-00518 | ||
| 110 | _aRepública Dominicana: Junta Central Electoral | ||
| 245 | 1 | 0 |
_aElecciones generales presidenciales 2008 : _bun proceso de cambios. El proceso electoral en gráficas / |
| 260 | _c2009 | ||
| 264 | 0 | 1 |
_aSanto Domingo : _bJunta Central Electoral, _c2009 |
| 300 |
_a197, 215 páginas ; _bilustraciones : _c28 cm. |
||
| 336 |
_2rdacontent _atexto _btxt |
||
| 337 |
_2rdamedia _asin mediación _bn |
||
| 338 |
_2rdacarrier _avolumen _bnc |
||
| 505 | 2 | _aElecciones 2008: un proceso de cambios -- Programa electoral general (PROGELEC 2008) -- Organización y desarrollo del proceso electoral -- Capacitación electoral -- Las juntas electorales -- Logística electoral 2008 -- Entrega de cédulas y actas de nacimiento en el exterior -- El padrón electoral -- Dirección administrativa, adecuación y acondicionamiento físico de juntas -- Sistema de cómputo electoral -- Resoluciones y disposiciones adoptadas -- Jornada del 16 de mayo de 2008 -- Observación nacional e internacional del proceso 2008 -- Proceso postelectoral: seguimiento, reforma constitucional y ley de partidos -- El proceso electoral en gráficas -- Presentación -- Capacitación electoral -- Materiales educativos -- Feria Internacional del Libro -- Recepción de pactos de alianzas y candidaturas -- Conformación de las juntas electorales -- Encuentros con medios de comunicación -- Voto dominicano en el exterior -- Visitas recibidas de la JCE -- Montaje del proceso electoral -- Remodelación y adecuación física de edificaciones -- Acto Dominicano Soy -- Observación internacional. | |
| 942 |
_2ddc _cBK _n0 |
||
| 999 |
_c16188 _d16188 |
||